Moderné trendy v manažmente podnikov – techniky a prístupy diplomová práca

Enregistré dans:
Détails bibliographiques
Auteur principal: Hricová, Patrícia
Collectivité auteur: Fakulta podnikového manažmentu EU. Katedra manažmentu
Autres auteurs: Remeňová, Katarína, 1982-
Format: Livre
Langue:slovaque
Publié: Bratislava 2017
Tags: Ajouter un tag
Pas de tags, Soyez le premier à ajouter un tag!

MARC

LEADER 00000nbm a2200000 4500
001 0232405
005 20171219101021.1
041 0 |a slo 
044 |a SK 
245 1 0 |a Moderné trendy v manažmente podnikov – techniky a prístupy  |b diplomová práca  |c Patrícia Hricová ; školiteľ: Katarína Remeňová 
264 1 |a Bratislava  |c 2017 
300 |a 74 s. 
100 1 |a Hricová, Patrícia 
700 1 |a Remeňová, Katarína, 1982- 
710 2 |a Fakulta podnikového manažmentu EU. Katedra manažmentu